| 000 | 01015nam a22002537a 4500 | ||
|---|---|---|---|
| 005 | 20170124102932.0 | ||
| 010 | B | _aA-390435 | |
| 020 | _c50.00 | ||
| 035 | _aA-390435 | ||
| 037 | _bCen Lib/Ret | ||
| 040 |
_aDPL _bHN |
||
| 082 |
_a820.8 _bरांग्रार |
||
| 100 |
_aरांग्रा, रणवीर _945517 |
||
| 245 |
_aआस्वाद के आयाम / _cरणवीर रांग्रा |
||
| 246 |
_aAsvaad ke ayam / _bby Ranveer Ranga |
||
| 260 |
_aदिल्ली _bजगतराम एंड संस _c1989 |
||
| 270 |
_bदिल्ली _aix/221, मेन रोड, गांधीनगर _e110031 |
||
| 300 |
_a110पृ. _c21सेमी(सजिल्द ) |
||
| 650 |
_aहिंदी साहित्य _x _z _945518 |
||
| 650 |
_v _aहिंदी कहानियां _92082 |
||
| 650 |
_aHindi litarature _945519 |
||
| 650 |
_aHindi litarature _945520 |
||
| 942 |
_2ddc _cHN _h820.8 _mरांग्रार |
||
| 999 |
_c112022 _d112022 |
||